ბათუმის შოთა რუსთაველის სახელმწიფო უნივერსიტეტის ბიბლიოთეკა

Ишрак. Ежегодник исламской философии №4 2013 = Ishraq. Islamic Philosophy yearbook (ბიბ.ჩანაწერი № 46510)

000 -LEADER
fixed length control field 00816nam a2200205Ia 4500
001 - CONTROL NUMBER
control field 13349
003 - CONTROL NUMBER IDENTIFIER
control field GE_BSU
005 - DATE AND TIME OF LATEST TRANSACTION
control field 20240909152342.0
008 - FIXED-LENGTH DATA ELEMENTS--GENERAL INFORMATION
fixed length control field 181216s2012||||ru |||||||||||||| ||rus||
020 ## - INTERNATIONAL STANDARD BOOK NUMBER
International Standard Book Number 9785020365438
040 ## - CATALOGING SOURCE
Transcribing agency GE_BSU
080 ## - UNIVERSAL DECIMAL CLASSIFICATION NUMBER
Universal Decimal Classification number 1(091) И-97
245 ## - TITLE STATEMENT
Title Ишрак. Ежегодник исламской философии №4 2013 = Ishraq. Islamic Philosophy yearbook
264 ## - PRODUCTION, PUBLICATION, DISTRIBUTION, MANUFACTURE, AND COPYRIGHT NOTICE
Place of production, publication, distribution, manufacture Москва :
Name of producer, publisher, distributor, manufacturer Восточная лит-ра,
Date of production, publication, distribution, manufacture, or copyright notice 2013.
300 ## - PHYSICAL DESCRIPTION
Extent 629 стр. ;
Dimensions 22 см.
653 ## - INDEX TERM--UNCONTROLLED
keyword Ишрак
653 ## - INDEX TERM--UNCONTROLLED
keyword Ежегодник исламской философии
700 ## - ADDED ENTRY--PERSONAL NAME
Personal name Российская АН ин-т философии, Иранский ин-т философии. Фонд исследовании исламской культуры
9 (RLIN) 23192
942 ## - ADDED ENTRY ELEMENTS (KOHA)
Koha item type წიგნი
Source of classification or shelving scheme
ეგზემპლარები
Withdrawn status Lost status Source of classification or shelving scheme Damaged status Not for loan Permanent Location Current Location Shelving location Date acquired Full call number Barcode Date last seen Copy number Price effective from Koha item type
          ბათუმის შოთა რუსთაველის სახელმწიფო უნივერსიტეტის მთავარი ბიბლიოთეკა ბათუმის შოთა რუსთაველის სახელმწიფო უნივერსიტეტის მთავარი ბიბლიოთეკა წიგნსაცავი 2018-12-17 1(091) И-97 27255 2018-12-17 27255 2018-12-17 წიგნი